000 00609nam a22002057a 4500
003 OSt
005 20260312062737.0
008 260312b |||||||| |||| 00| 0 eng d
020 _a978-971-12-0275-0.
040 _aDWCL Main lib
_cOC
082 _23rd ed.
_aFil. 332 M516 2006
100 _aMejorada, Nenita D.
245 _aBusiness finance and Philippine firms
_cNenita D. Mejorada
250 _a3rd ed.
260 _aQuezon City :
_bGoodwill Trading Co., Inc.,
_cc2006.
300 _ax, 289 p. ;
_c25 cm.
650 _a1. Business.
650 _a2. Finance.
942 _2ddc
_cBK - FIL
_e3rd ed.
_kFil.
_n0
999 _c9043
_d9043